000 00383nam a2200145Ia 4500
008 230917s9999||||xx |||||||||||||| ||und||
040 _e110398
_aMAIN
041 _aEnglish
082 _a820.9 I2I
100 _aDevy, G N, ed.
245 0 _aIndian literary criticism: Theory and interpretation
260 _aHyderabad
_bOrient Longman
_c2004
300 _axi, 430 p.
942 _cBK
999 _c130818
_d130818